| 000 | 00515nam a2200121Ia 4500 | ||
|---|---|---|---|
| 008 | 160712s9999 xx 000 0 und d | ||
| 100 | _aIniego, Florentino A. Jr. | ||
| 245 |
_cFlorentino A. Iniego, Jr. _aAng “Ikalawang Paglilitis” kay Jose Rizal: Ang Pagpapasá ng Batas Republika 1425 |
||
| 260 |
_c2015 _bLagda: Journal ng U.P. Departamento ng Filipino at Panitikan ng Pilipinas |
||
| 300 | _avol. 10 no. 1 | ||
| 650 | _xPANITIKAN | ||
| 856 | _uhttp://journals.upd.edu.ph/index.php/lagda/issue/view/545/showToc | ||
| 999 |
_c297091 _d297091 |
||